000 00513nam a2200229Ia 4500
003 IT-RoPAU
008 120407s9999 xx 000 0 und d
040 _aIT-RoPAU
040 _cIT-RoPAU
041 _aita
100 _aAlberto Valentini
245 _aIl Magnificat. Genere letterario. Struttura. Esegesi.
250 _aBologna
260 _aEDB
260 _c1987
300 _a301 p.
300 _c24 cm
490 _aSupplementi alla Riv. Bib.
490 _v116
942 _cBK
999 _c31945
_d31945